000 00679nam a2200157 4500
999 _c16361
_d16361
008 220118b ||||| |||| 00| 0 eng d
022 _a0893-8989
082 _aDPer 363.205 P75 Sept 2013-May 2016 v. 37 & 40, n. 9-11/1-5
100 _aScoville, Dean.
_943807
245 _aShots fired #100 anywhere, USA:
_beight years of stories about officer-involved shootings has taught us many things about courage under fire/
_cDean Scoville.
260 _aCalifornia:
_bBobit Business Media,
_c©Sept 2013-May 2016.
300 _av37 n9, pages 46-51;
_billustrations;
_c27 cm.
500 _aPolice: the law enforcement magazine.
650 _aPolice
_xShooting.
_943809
942 _2ddc
_cPER